000 01487cam a2200421 i 4500
001 33631
003 KOSZ 005
005 20250722063909.0
008 980713s1997 pl |000 0 pol
015 _aPB 1997/16110
020 _a8301122668
040 _aWA N
_cWA N
_dKOSZ 005/HR
041 1 _apol
_heng
046 _k1997
080 _a005.2
080 _a339.13
100 1 _aHutt, Michael D.
_eAutor
245 1 0 _aZarządzanie marketingiem :
_bstrategia rynku dóbr i usług przemysłowych /
_cMichael D. Hutt, Thomas W. Speh ; [konsultacja nauk. tł. z ang. Wanda Popławska].
246 1 _iTyt. oryg.:
_aBusiness marketing management,
_f1995.
260 _aWarszawa :
_bWydawnictwo Naukowe PWN,
_c1997.
300 _a803, [1] s. ;
_c24 cm.
336 _2rdacontent
_aTekst
_btxt
337 _2rdamedia
_aBez urządzenia pośredniczącego
_bn
338 _2rdacarrier
_aWolumin
_bnc
380 _aKsiążki
388 _a1901-2000
388 _a1989-2000
490 1 _aPrzedsiębiorczość
650 4 _aMarketing strategiczny
650 4 _aZarządzanie strategiczne
658 _aZarządzanie i marketing
700 1 _aSpeh, Thomas W.
_eAutor
700 1 _aPopławska, Wanda
_eTłumaczenie
710 2 _aWydawnictwo Naukowe PWN
_4pbl.
830 0 _aPrzedsiębiorczość (PWN)
856 _uhttp://koha.tu.koszalin.pl/cgi-bin/koha/opac-detail.pl?biblionumber=33631
_yKatalog online BPK
942 _2UKD
_cKS
999 _c33631
_d33631